01275 a2200229 45000010006000000050017000060080041000230030015000640400040000790800035001192450046001540200022002002500012002222640034002343000023002685050541002911000020008327000019008527000020008717000017008918560137009081312320260407155441.0260407a2008 arg spa dAR-UNSa-BCEJYS aAR-UNSa-BCEJYSbspacAR-UNSa-BCEJYS a330.4xEconomía matemática10aFurther mathematics for economic analysis a978-0-273-71328-9 a2a. ed. 1aHarlow :bPrentice Hallc2008 axi, 616 p.c24 cm. a1. Topic in linear algebra - 2. Multivariable calculus - 3. Static optimization - 4. Topic in integration - 5. Differential equations I: First-order equations in one variable - 6. Differential II: Second-order equations and systems in the plane - 7. Differential equations III: Higher-order equations - 8. Calculus of variations - 9. Control theory: Basic techniques - 10. Control theory with many variables - 11. Difference equations - 12. Discrete time optimization - 13. Topology and separation - 14. Correspondences and fixed points1 aSydsæter, Knut1 aHammond, Peter1 aSeierstad, Atle1 aStrØm, Arne41uhttps://biblioeco.unsa.edu.ar/pmb/images/libros/Futher mathematics for economic analysis2-l118921.jpgyImagen de portadaqimage/jpeg